| 000 | 02995cam a2200337 4500 | ||
|---|---|---|---|
| 001 | 5533 | ||
| 005 | 20181127175723.0 | ||
| 008 | 140429s2014 nyu b 000 1 eng | ||
| 010 | _a 2014015900 | ||
| 020 | _a9780007583089 (hardback) | ||
| 020 | _z9781627792110 (electronic book) | ||
| 042 | _apcc | ||
| 084 |
_aFIC029000 _aFIC019000 _2bisacsh |
||
| 100 | 1 |
_aMantel, Hilary, _d1952- _eauthor. |
|
| 240 | 1 | 0 |
_aShort stories. _kSelections |
| 245 | 1 | 4 |
_aThe assassination of Margaret Thatcher : _bstories / _cHilary Mantel. |
| 250 | _aFirst U.S. Edition. | ||
| 264 | 1 |
_aLondon : _bFourth Estate, _c2014. |
|
| 300 |
_a242 pages ; _c25 cm |
||
| 336 |
_atext _btxt _2rdacontent |
||
| 337 |
_aunmediated _bn _2rdamedia |
||
| 338 |
_avolume _bnc _2rdacarrier |
||
| 500 | _a""A John Macrae book."" | ||
| 504 | _aIncludes bibliographical references. | ||
| 505 | 0 | _aSorry to Disturb -- Comma -- Winter Break -- Harley Street -- Offences Against the Person -- How Shall I Know You? -- The Heart Fails Without Warning -- Terminus -- The Assassination of Margaret Thatcher. | |
| 520 |
_a""From one of Britain's most accomplished, acclaimed, and garlanded writers, Hilary Mantel delivers a brilliant collection of contemporary short stories that demonstrate what modern England has becomeIn The Assassination of Margaret Thatcher, Hilary Mantel's trademark gifts of penetrating characterization, unsparing eye, and rascally intelligence are once again fully on display.Her classic wicked humor in each story--which range from a ghost story to a vampire story to near-memoir to mini-sagas of family and social fracture--brilliantly unsettles the reader in that unmistakably Mantel way. Mantel brutally and acutely writes about gender, marriage, class, family, and sex, cutting to the core of human experience. Unpredictable, diverse, and even shockingly unexpected, each story grabs you by the throat within a couple of sentences. The Assassination of Margaret Thatcher displays a magnificent writer at the peak of her powers. ""-- _cProvided by publisher. |
||
| 520 |
_a""In The Assassination of Margaret Thatcher, Hilary Mantel's trademark gifts of penetrating characterization, unsparing eye, and rascally intelligence are once again fully on display. Her classic wicked humor in each story--which range from a ghost story to a vampire story to near-memoir to mini-sagas of family and social fracture--brilliantly unsettles the reader in that unmistakably Mantel way. Mantel brutally and acutely writes about gender, marriage, class, family, and sex, cutting to the core of human experience. Unpredictable, diverse, and even shockingly unexpected, each story grabs you by the throat within a couple of sentences. The Assassination of Margaret Thatcher displays a magnificent writer at the peak of her powers""-- _cProvided by publisher. |
||
| 650 | 7 |
_aFICTION / Literary. _2bisacsh |
|
| 650 | 7 |
_aFICTION / Short Stories (single author). _2bisacsh |
|
| 700 | 1 | 2 |
_aMantel, Hilary, _d1952- _tSorry to Disturb. |
| 999 |
_c4659 _d4659 |
||